01184nam a2200265Ia 450000100060000000300090000600800410001504000130005604000130006904100130008210000110009510000290010624500470013524500470018225000110022926000100024026000300025026000490028030000430032950004290037265000370080165000310083870000200086970000290088963186IT-RoPAU130308s9999 xx 000 0 und d aIT-RoPAU cIT-RoPAU aFRANCESE aAA.VV. gCodice Aut. SPICS: 12000 aEncyclopaedia Universalis-Universalia 1987 bEncyclopaedia Universalis-Universalia 1987 a1a ed. aPARIS bEncyclopaedia Universalis c1987 [1° Ed.:1987 - Ed.Ling.Originale:1987] a"672 p. (prefazione: no ; testo: 672)" aAvvenimenti dell'anno 1986 Avvenimenti e Ricordi storici temi e Problemi Problemi di Vita Quotidiana Cultura Opere movimenti e Fatti Culturali ritratti di Personaggi importanti Note biografiche e Opere di Personaggi Deceduti nel 1986 Procreazione Artificiale Povertà Nei paesi Ricchi Società rurali Nei paesi Industrializzati Informazione Nei paesi Socialisti terrorismo Film libri Esposizioni e manifestazioni Culturali aENCICLOPEDIE DI CULTURA GENERALE eCodice materia Spics: 1001 aBersani Jacques gCodice Aut. SPICS: 12662